Irodalomtörténeti és -elméleti tanulmányok Szegedről

Elmentve itt :
Bibliográfiai részletek
További közreműködők: Fried István
Hódosy Annamária
Medgyes Tamás
Dokumentumtípus: Könyv
Megjelent: 2000
Sorozat:Szövegek között 4
Kulcsszavak:Irodalomelmélet - tanulmányok, Irodalomtörténet - tanulmányok, Magyar irodalom - 1945- - tanulmányok
Tárgyszavak:
Online Access:http://acta.bibl.u-szeged.hu/39820
LEADER 00780nam a2200217 i 4500
001 acta39820
005 20230328145520.0
008 161201s2000 hu o 0|| hun d
040 |a SZTE Egyetemi Kiadványok Repozitórium  |b hun 
041 |a hun 
245 0 0 |a Irodalomtörténeti és -elméleti tanulmányok Szegedről  |h [elektronikus dokumentum] 
260 |c 2000 
300 |a 190 
490 0 |a Szövegek között  |v 4 
650 4 |a Bölcsészettudományok 
650 4 |a Nyelvek és irodalom 
695 |a Irodalomelmélet - tanulmányok, Irodalomtörténet - tanulmányok, Magyar irodalom - 1945- - tanulmányok 
700 0 1 |a Fried István 
700 0 1 |a Hódosy Annamária 
700 0 1 |a Medgyes Tamás 
856 4 0 |u http://acta.bibl.u-szeged.hu/39820/1/szovegek_004.pdf  |z Dokumentum-elérés